Islands of Puget Sound With Map - Statistics

General Stats
  • This quiz has been taken 116 times
  • The average score is 8 of 20
Answers on the Map
Answers color-coded by a green-red scale on the quiz's map according to % correct below.
 
Answer Stats
Answer % Correct
San Juan
79%
Bainbridge
65%
Orcas
61%
Whidbey
61%
Vashon
60%
Mercer
45%
Lopez
41%
Fox
35%
Fidalgo
33%
Anderson
32%
McNeil
32%
Camano
31%
Lummi
31%
Guemes
27%
Shaw
27%
Decatur
25%
Harstine
25%
Blakely
24%
Cypress
23%
Marrowstone
21%
No matching quizzes found
Score Distribution
Percent of People with Each Score
Percentile by Number Answered
Your Score History
You have not taken this quiz